000 01962nam a2200337 a 4500
001 000024781
003 DO-SdBNP
005 20250924073802.0
007 ta
008 110204s1998 dr 000 0 spa d
040 _aDO-SdBNP
_bspa
_cBNPHU
082 _a306.44
_bC968c
111 2 _aColoquio Internacional Cultura, Lengua y Literatura en tiempos de globalización
_n(1:
_dabril de 1998:
_cSanto Domingo, República Dominicana)
_950861
245 1 0 _aCultura, lengua y literatura en tiempos de globalización /
_cpresentación José Francisco Jiménez.
260 _aSanto Domingo :
_bUniversitaria,
_c1998.
300 _a80 p. ;
_c21 cm.
490 1 _aCultra y sociedad
_v6
490 1 _aPublicaciones de la Universidad Autónoma de Santo Domingo
_v877
504 _aBibliografía: p. 15 -18
505 0 _tPresentación --
_tPonentes por orden de aparición --
_tGlobalización, cultura y literatura /
_rWenceslao Serra Deliz --
_tLengua y políticas culturales frente a la globalización (Manual disidente para iniciados)
_rJulio Cuevas --
_tLa palabra es todavía una puerta abierta /
_rJosé M. Fernández Pequeño --
_tLa cultura en la época de la globalización /
_rCarlos Andújar Persinal --
_tLa globalización o mundialización circunscrita a la cultura /
_rIsabel Santana Rodríguez --
_tGlobalización, cultura e identidad /
_rMateo Morrison --
_tCultura popular y globalización: Algunas ideas /
_rRafael Brea López
590 _aInventariado,2018/DG
650 4 _aLenguaje y cultura
_910051
650 4 _aCultura
_xEnsayos, conferencias, etc.
_930480
650 4 _aGlobalización
_xAspectos sociales
_xEnsayos, conferencias, etc.
_950862
650 4 _aIdentidad cultural
_xEnsayos, conferencias, etc.
_931352
700 1 _aJiménez, José Francisco
_911343
830 _aPublicaciones de la Universidad Autónoma de Santo Domingo
_v877
_952
830 0 _aCultura y sociedad
_v6
_953
910 _aValidado. Control de calidad BNPHU.
942 _2ddc
_cLBS1
999 _c24274
_d24274